000 00650nam a2200241 i 4500
001 C2-0302108
003 PPAK
005 20180728083229.0
008 100107s1988 nyu |||| ||||| | eng d
020 _a0940450496
040 _aPPAK
_beng
_cPPAK
_erda
082 0 4 _a812.52
_223
090 0 0 _a812.52
_bONE
_dLCK
100 1 _aO'neill, Eugene,
_eauthor
245 1 0 _ao'neill complete plays 1920-1931
264 1 _aNew York :
_bThe Library of America ,
_c1988
300 _a1092 pages ;
_c21 cm
336 _2rdacontent
_atext
337 _2rdamedia
_aunmediated
338 _2rdacarrier
_avolume
650 1 0 _aAmerican drama
942 _ddc
_cB
999 _c105812
_d105812